Экспериментальные исследования динамики токарных станков; Доклады 5-й научно-технической конференции "Технический прогресс в машиностроении"

Dettagli Bibliografici
Parent link:Доклады 5-й научно-технической конференции "Технический прогресс в машиностроении".— 1974.— С. 85-93
Autore principale: Лившиц В. И.
Altri autori: Кривошеин А. Л., Беленький Е. А.
Pubblicazione: 1974
Soggetti:
Natura: Capitolo di libro
KOHA link:https://koha.lib.tpu.ru/cgi-bin/koha/opac-detail.pl?biblionumber=594077

MARC

LEADER 00000naa0a2200000 4500
001 594077
005 20250617144538.0
035 |a (RuTPU)RU\TPU\tpu\8190 
090 |a 594077 
100 |a 20020118d1974 k||y0rusy50 ca 
102 |a RU 
200 1 |a Экспериментальные исследования динамики токарных станков  |f В. И. Лившиц, А. Л. Кривошеин, Е. А. Беленький 
463 |t Доклады 5-й научно-технической конференции "Технический прогресс в машиностроении"  |v С. 85-93  |d  1974 
610 1 |a металлорежущие станки 
610 1 |a токарные станки 
610 1 |a труды учёных ТПУ 
700 1 |a Лившиц  |b В. И. 
701 1 |a Кривошеин  |b А. Л. 
701 1 |a Беленький  |b Е. А. 
801 0 |a RU  |b 63413507  |c 20020118  |g PSBO 
801 2 |a RU  |b 63413507  |c 20091007  |g RCR 
850 |a 63413507 
942 |c BK